| 000 | 01019nam a22002537a 4500 | ||
|---|---|---|---|
| 005 | 20170123164156.0 | ||
| 010 | _aA-508579 | ||
| 020 | _c20.00 | ||
| 035 | _aA-508579 | ||
| 037 | _bCen Lib / Ret | ||
| 040 |
_aDPL _bPN |
||
| 082 |
_a850.8 _bਗੋਵਿੰਦ |
||
| 100 |
_aਗੋਵਿੰਦ ਨਾਥ ਰਾਜਗੁਰੂ _974569 |
||
| 245 |
_aਵਿਚਾਰਾਂ ਦੇ ਪੜਾਅ / _cਗੋਵਿੰਦ ਨਾਥ ਰਾਜਗੁਰੂ |
||
| 246 |
_aVicharan de padai / _b by Govind Nath Rajguru |
||
| 260 |
_aਨਵੀ ਦਿੱਲੀ _bਪੰਜਾਬੀ ਰਾਇਟਰਜ਼ _c2003 |
||
| 270 |
_aJ-11/26 , ਰਾਜੌਰੀ ਗਾਰਡਨ _bਨਵੀ ਦਿੱਲੀ _e110027 |
||
| 300 |
_a142p. _c21cm(pbk) |
||
| 650 |
_a ਪੰਜਾਬੀ-- ਸਾਹਿਤ _9131062 |
||
| 650 |
_aਪੰਜਾਬੀ-- ਕਵਿਤਾਵਾਂ _9131063 |
||
| 650 |
_aPunjabi-- Literature _9781 |
||
| 650 |
_aPunjabi Literature--Fiction _99827 |
||
| 942 |
_2ddc _cPN _h850.8 _mਗੋਵਿੰਦ |
||
| 999 |
_c110697 _d110697 |
||